000
00315nam a22001337a 4500
008
170728b xxu||||| |||| 00| 0 eng d
020
_a
01209325074
041
_a
eng
080
_a
004
100
_a
31
101
_a
SHKI
245
_a
DUNAMIC PROGRAMMING AND STOCHASTIC CONTROL
_c
BERTSEKAS, D.P
942
_2
udc
_c
BK
999
_c
22140
_d
22140